LEADER 01014nam a2200265 4500 001 000000348697 003 CaOOAMICUS 005 20211130120942.0 008 211129s2013 it a 000 u ita r 020 $a978-88-15-24473-4 040 $aSeMil$bita 100 1 $aBassi, Alberto,$d<1958- >.$0(OLS)http://semarc/name/115105 245 10$aDesign /$cAlberto Bassi. 264 1$aBologna :$bIl Mulino,$c2013. 300 $a128 p., [8] p. di tav. :$bill. ;$c20 cm 490 1 $aFarsi un'idea ;$v211 650 4$aDesign.$0(OLS)http://semarc/subject/21925 830 0$aFarsi un'idea ;$v211.$0(OLS)http://semarc/title/12266 850 $aSeMil 852 $aSeMil$W1$xVenegono$y1$m5E I 10$j232484$B239798$CSeMilBibl$Z2$F239798 $81 961 $aLorenzi don Ugo - Omaggio 996 $6020$a978-88-15-24473-4$9(OLS)http://semarc/number/294729 996 $6245$aDesign$9(OLS)http://semarc/title/438135 996 $6264$aBologna :$bIl Mulino$9(OLS)http://semarc/publisher/29842 LEADER 00897nam a2200253 i 4500 001 000000119520 003 CaOOAMICUS 005 20050826000000.0 008 050826n it u000 u ita u 013 $a92214 040 $aSeMil$bita 245 12$aI Vedutisti. 260 $a[Milano] :$bElecta,$c[19--]?. 260 $aMilano :$bBompiani,$c[19--]?. 300 $a325 p. :$briccamente ill. ;$c29 cm. 500 $aContiene : Bibliografia. - Fondo Ciprandi. 650 4$aVedutisti.$0(OLS)http://semarc/subject/22387 850 $aSeMil 852 $aSeMil$W1$xVenegono$y1$m5I VI 67$j74727$B74727$CSeMilBibl$Z2$F102028 $81 941 1 $a1 961 $aOmaggio: Ciprandi dott. Paolo 996 $6245$aI Vedutisti$9(OLS)http://semarc/title/175660 996 $6260$aMilano :$bBompiani$9(OLS)http://semarc/publisher/29706 996 $6260$a[Milano] :$bElecta$9(OLS)http://semarc/publisher/29698